00382nam a2200157Ia 450000500170000000800410001704000190005804100120007708200130008910000210010224500380012326000260016130000090018765000180019685000100021420240807110128.0131103s9999 xx 000 0 und d aLoreto College aEnglish a822bDEL aDelaney, Shelagh 2aA taste of honeycShelagh Delaney aLondonbMethuenc1967 a87p  aEnglish drama aLCBED